| 000 -CABECERA |
| fixed length control field |
01290nam a22002177a 4500 |
| 003 - IDENTIFICADOR DEL NÚMERO DE CONTROL |
| control field |
AR-CdUCM |
| 008 - DATOS DE LONGITUD FIJA--INFORMACIÓN GENERAL |
| fixed length control field |
190329b ||||| |||| 00| 0 spa d |
| 040 ## - FUENTE DE LA CATALOGACIÓN |
| Agencia/entidad que catalogó originalmente la obra |
MUNICIPALIDAD PROVINCIAL DEL CUSCO |
| Entidad que transcribió la catalogación |
BIBLIOTECA MUNICIPAL DEL CUSCO |
| 082 ## - NÚMERO DE LA CLASIFICACIÓN DECIMAL DEWEY |
| No. de Clasificación |
398.41 / |
| Notacion interna |
F84 |
| 100 ## - ENTRADA PRINCIPAL--NOMBRE DE PERSONA |
| Nombre Personal |
Frisancho Pineda , David |
| 245 ## - MENCIÓN DE TÍTULO |
| Título |
Creencias y supersticiones relacionadas con las enfermedades en el altiplano puneño / |
| 260 ## - PUBLICACIÓN, DISTRIBUCIÓN, ETC. |
| Lugar de publicación, distribución, etc. |
Puno : |
| Nombre de la editorial, distribuidor, etc. |
Tipografía "Los Andes", |
| Fecha de publicación, distribución, etc. |
1963. |
| 300 ## - DESCRIPCIÓN FÍSICA |
| Nº de Páginas Extensión |
66 páginas ; |
| Dimensiones |
22 cm. |
| 505 ## - NOTA DE CONTENIDO CON FORMATO |
| Nota de contenido formateada |
Contenido: ¿Qué son las enfermedades para los indios? -- ¿Cuánto se siente enfermo el indio? -- Porqué coge "el lugar" -- La chiflera-las chifles -- Cuando escapa el alma del cuerpo -- Daño visceral o corazón dañado -- Otros procedimientos curativos -- Los accesos y otros procesos infecciosos locales -- La sopladura del aire -- El coto (bocio endémico) -- Como curan los traumatismos óseos -- Quienes curan entre los indios -- Los rayos x de los aymaras ... |
| 650 ## - PUNTO DE ACCESO ADICIONAL DE MATERIA--TÉRMINO DE MATERIA |
| Descriptor |
Supersticiones - Enfermedades - Ande |
| 9 (RLIN) |
26764 |
| 650 ## - PUNTO DE ACCESO ADICIONAL DE MATERIA--TÉRMINO DE MATERIA |
| Descriptor |
Indígenas - Supersticiones |
| 9 (RLIN) |
26765 |
| 650 ## - PUNTO DE ACCESO ADICIONAL DE MATERIA--TÉRMINO DE MATERIA |
| Descriptor |
Enfermedades y curaciones - Andes - Indígena |
| 9 (RLIN) |
26766 |
| 942 ## - ELEMENTOS DE PUNTO DE ACCESO ADICIONAL (KOHA) |
| Fuente de clasificación |
|
| Tipo de item |
Libros-BMC |
| 945 ## - PROCESAMIENTO DE INFORMACIÓN LOCAL (OCLC) |
| Catalogador |
lccs |